000 nam a22 7a 4500
999 _c8827
_d8827
008 180120b ||||| |||| 00| 0 eng d
100 _aKashyaap.A.
_95160
245 _aEnvironmental Studies
260 _aNew Delhi
_bHoly Faith
_c2007